Interesting Facts Quiz #7 - Statistics

General Stats
  • This quiz has been taken 39,810 times
  • The average score is 11 of 20
Answer Stats
Hint Answer % Correct
Coca-Cola used to contain _______ Cocaine
94%
About one in every 5000 ______s is a four-leaf ______ Clover
90%
There are 277 known meteorites on Earth that originally came from ____ but none that came from Venus Mars
87%
_____ burns more coal than the rest of the world combined China
82%
Eight of nine sitting U.S. Supreme Court justices studied law at either Harvard or ____ Yale
77%
About 35% of marriages in Afghanistan are between first _______ Cousins
73%
Thomas Edison built houses which were made entirely from one single pour of ________ Concrete
65%
The legend of the ______ may have arisen when people discovered skeletons of woolly mammoths, which appear to have one giant eye socket in the middle of the face Cyclops
64%
What a difference a century makes. Between 1919–2019, the number of marriages in England and Wales declined by 40%, but the number of ________ increased by 6,400%. Divorces
62%
The space _______ cost about $1 billion for every time it was launched Shuttle
61%
Ferrari is the third most common family name in Italy. It's the Italian equivalent of _____. Smith
61%
Major American ballet companies generate around 40% of their annual ticket revenues from performances of The __________ Nutcracker
59%
Hawaiian _____ was invented in Canada Pizza
55%
Saint Lucia is the only country named after a _____ Woman
54%
Lake ______ contains about 22% of all the fresh surface water in the world Baikal
45%
In the early 1900s, only 1% of Americans were _____. Today, it's around 36%. Obese
39%
Before _______ was added to salt, it was common for people from inland areas to have goiters Iodine
35%
Over a fifth of the calories consumed by humans are from ____ Rice
16%
In 1979–1980, the Hunt brothers from Texas tried to corner the ______ market by buying all the ______ in the world Silver
14%
The word _______ comes from films being measured in feet in early filmmaking Footage
10%
No matching quizzes found
Score Distribution
Percent of People with Each Score
Percentile by Number Answered
Your Score History
You have not taken this quiz